<?xml version="1.0" encoding="UTF-8"?>
<record
    xmlns:xsi="http://www.w3.org/2001/XMLSchema-instance"
    xsi:schemaLocation="http://www.loc.gov/MARC21/slim http://www.loc.gov/standards/marcxml/schema/MARC21slim.xsd"
    xmlns="http://www.loc.gov/MARC21/slim">

  <leader>01530nam a22002777a 4500</leader>
  <controlfield tag="003">NALT</controlfield>
  <controlfield tag="005">20250508150519.0</controlfield>
  <controlfield tag="008">200909b        th ||||| |||| 00| 0 tha d</controlfield>
  <datafield tag="040" ind1=" " ind2=" ">
    <subfield code="a">NALT</subfield>
  </datafield>
  <datafield tag="050" ind1=" " ind2=" ">
    <subfield code="a">QH 541.5.S3 </subfield>
    <subfield code="b">&#xE18;312&#xE2A; 2549</subfield>
  </datafield>
  <datafield tag="100" ind1="0" ind2=" ">
    <subfield code="a">&#xE18;&#xE23;&#xE13;&#xE4C; &#xE18;&#xE33;&#xE23;&#xE07;&#xE19;&#xE32;&#xE27;&#xE32;&#xE2A;&#xE27;&#xE31;&#xE2A;&#xE14;&#xE34;&#xE4C;.</subfield>
    <subfield code="9">26767</subfield>
  </datafield>
  <datafield tag="245" ind1="1" ind2="0">
    <subfield code="a">&#xE2A;&#xE21;&#xE38;&#xE17;&#xE23;...&#xE1A;&#xE31;&#xE19;&#xE17;&#xE36;&#xE01;&#xE2D;&#xE31;&#xE19;&#xE14;&#xE32;&#xE21;&#xE31;&#xE19; /</subfield>
    <subfield code="c">&#xE18;&#xE23;&#xE13;&#xE4C; &#xE18;&#xE33;&#xE23;&#xE07;&#xE19;&#xE32;&#xE27;&#xE32;&#xE2A;&#xE27;&#xE31;&#xE2A;&#xE14;&#xE34;&#xE4C;.</subfield>
  </datafield>
  <datafield tag="246" ind1="1" ind2="4">
    <subfield code="a">&#xE2A;&#xE21;&#xE38;&#xE17;&#xE23;</subfield>
  </datafield>
  <datafield tag="250" ind1=" " ind2=" ">
    <subfield code="a">&#xE1E;&#xE34;&#xE21;&#xE1E;&#xE4C;&#xE04;&#xE23;&#xE31;&#xE49;&#xE07;&#xE41;&#xE23;&#xE01;</subfield>
  </datafield>
  <datafield tag="260" ind1=" " ind2=" ">
    <subfield code="a">&#xE01;&#xE23;&#xE38;&#xE07;&#xE40;&#xE17;&#xE1E;&#xE2F; :</subfield>
    <subfield code="b">&#xE2A;&#xE33;&#xE19;&#xE31;&#xE01;&#xE07;&#xE32;&#xE19;&#xE1E;&#xE31;&#xE12;&#xE19;&#xE32;&#xE01;&#xE32;&#xE23;&#xE27;&#xE34;&#xE08;&#xE31;&#xE22;&#xE01;&#xE32;&#xE23;&#xE40;&#xE01;&#xE29;&#xE15;&#xE23; (&#xE2D;&#xE07;&#xE04;&#xE4C;&#xE01;&#xE32;&#xE23;&#xE21;&#xE2B;&#xE32;&#xE0A;&#xE19;),</subfield>
    <subfield code="c">2549.</subfield>
  </datafield>
  <datafield tag="300" ind1=" " ind2=" ">
    <subfield code="a">1 &#xE40;&#xE25;&#xE48;&#xE21; :</subfield>
    <subfield code="b">&#xE20;&#xE32;&#xE1E;&#xE1B;&#xE23;&#xE30;&#xE01;&#xE2D;&#xE1A; ;</subfield>
    <subfield code="c">24 &#xE0B;&#xE21;.</subfield>
  </datafield>
  <datafield tag="650" ind1=" " ind2="4">
    <subfield code="9">47184</subfield>
    <subfield code="a">&#xE19;&#xE34;&#xE40;&#xE27;&#xE28;&#xE27;&#xE34;&#xE17;&#xE22;&#xE32;&#xE17;&#xE30;&#xE40;&#xE25; </subfield>
    <subfield code="z">&#xE44;&#xE17;&#xE22; </subfield>
    <subfield code="z">&#xE17;&#xE30;&#xE40;&#xE25;&#xE2D;&#xE31;&#xE19;&#xE14;&#xE32;&#xE21;&#xE31;&#xE19;  </subfield>
  </datafield>
  <datafield tag="650" ind1=" " ind2="4">
    <subfield code="9">47185</subfield>
    <subfield code="a">&#xE17;&#xE23;&#xE31;&#xE1E;&#xE22;&#xE32;&#xE01;&#xE23;&#xE17;&#xE30;&#xE40;&#xE25;</subfield>
    <subfield code="z">&#xE44;&#xE17;&#xE22; </subfield>
    <subfield code="z">&#xE17;&#xE30;&#xE40;&#xE25;&#xE2D;&#xE31;&#xE19;&#xE14;&#xE32;&#xE21;&#xE31;&#xE19; </subfield>
  </datafield>
  <datafield tag="650" ind1=" " ind2="4">
    <subfield code="9">47186</subfield>
    <subfield code="a">&#xE2A;&#xE31;&#xE15;&#xE27;&#xE4C;&#xE17;&#xE30;&#xE40;&#xE25;</subfield>
    <subfield code="z">&#xE44;&#xE17;&#xE22; </subfield>
    <subfield code="z">&#xE17;&#xE30;&#xE40;&#xE25;&#xE2D;&#xE31;&#xE19;&#xE14;&#xE32;&#xE21;&#xE31;&#xE19; </subfield>
  </datafield>
  <datafield tag="650" ind1=" " ind2="4">
    <subfield code="9">47187</subfield>
    <subfield code="a">&#xE2A;&#xE34;&#xE48;&#xE07;&#xE21;&#xE35;&#xE0A;&#xE35;&#xE27;&#xE34;&#xE15;&#xE43;&#xE19;&#xE17;&#xE30;&#xE40;&#xE25;</subfield>
    <subfield code="z">&#xE44;&#xE17;&#xE22; </subfield>
    <subfield code="z">&#xE17;&#xE30;&#xE40;&#xE25;&#xE2D;&#xE31;&#xE19;&#xE14;&#xE32;&#xE21;&#xE31;&#xE19;  </subfield>
  </datafield>
  <datafield tag="650" ind1=" " ind2="4">
    <subfield code="9">47188</subfield>
    <subfield code="a">&#xE1E;&#xE37;&#xE0A;&#xE17;&#xE30;&#xE40;&#xE25;</subfield>
    <subfield code="z">&#xE44;&#xE17;&#xE22; </subfield>
    <subfield code="z">&#xE17;&#xE30;&#xE40;&#xE25;&#xE2D;&#xE31;&#xE19;&#xE14;&#xE32;&#xE21;&#xE31;&#xE19; </subfield>
  </datafield>
  <datafield tag="850" ind1=" " ind2=" ">
    <subfield code="a">NALT</subfield>
  </datafield>
  <datafield tag="942" ind1=" " ind2=" ">
    <subfield code="c">GB</subfield>
    <subfield code="2">lcc</subfield>
  </datafield>
  <datafield tag="998" ind1=" " ind2=" ">
    <subfield code="a">bijaya</subfield>
    <subfield code="b">phon</subfield>
    <subfield code="c">phon</subfield>
    <subfield code="j">1020</subfield>
    <subfield code="k"> &#xE19;&#xE32;&#xE07;&#xE08;&#xE33;&#xE40;&#xE23;&#xE35;&#xE22;&#xE07;  &#xE23;&#xE30;&#xE27;&#xE31;&#xE07;&#xE2A;&#xE33;&#xE42;&#xE23;&#xE07;</subfield>
  </datafield>
  <datafield tag="999" ind1=" " ind2=" ">
    <subfield code="c">97543</subfield>
    <subfield code="d">97543</subfield>
  </datafield>
  <datafield tag="952" ind1=" " ind2=" ">
    <subfield code="0">0</subfield>
    <subfield code="1">0</subfield>
    <subfield code="2">lcc</subfield>
    <subfield code="4">0</subfield>
    <subfield code="7">0</subfield>
    <subfield code="8">CGBL</subfield>
    <subfield code="a">NALT</subfield>
    <subfield code="b">NALT</subfield>
    <subfield code="d">2020-09-09</subfield>
    <subfield code="l">0</subfield>
    <subfield code="o">QH 541.5.S3  &#xE18;312&#xE2A; 2549</subfield>
    <subfield code="p">3961211284</subfield>
    <subfield code="r">2020-09-21 00:00:00</subfield>
    <subfield code="w">2020-09-09</subfield>
    <subfield code="y">GB</subfield>
  </datafield>
</record>
